| 000 | 00822nam a22002297a 4500 | ||
|---|---|---|---|
| 999 |
_c16886 _d16886 |
||
| 003 | AR-CdUCM | ||
| 008 | 190506b ||||| |||| 00| 0 spa d | ||
| 040 |
_aMUNICIPALIDAD PROVINCIAL DEL CUSCO _cBIBLIOTECA MUNICIPAL DEL CUSCO |
||
| 041 | _heng. | ||
| 082 |
_a575 / _bL87 |
||
| 100 |
_aLewis, John _936613 |
||
| 245 | _aHombre y evolución / | ||
| 260 |
_aMéxico : _bGrijalbo, _c1968. |
||
| 300 |
_a156 paginas ; _c19 cm. |
||
| 505 | _aContenido :La hipótesis darvinista --La evolución y el progreso --La unicidad del hombre --Como se ha forjado la humanidad --El hombre, animal ético --El hombre y ñla naturaleza ... | ||
| 650 |
_aEvolución _97012 |
||
| 650 |
_aVida _9884 |
||
| 650 |
_aOrigen _915147 |
||
| 700 |
_aEditorial Grijalbo (traductor) _936614 |
||
| 942 |
_2ddc _cLIBROS |
||
| 945 |
_arjall _d2019-05-06 |
||